000
00223nam a2200121Ia 4500
100
_a
#N/A
942
_c
BK
245
_a
DIGITAL i MAGE PROCESSING
260
_b
#N/A
082
_b
21940
546
_a
ENGLISH
999
_c
33789
_d
33789